000 00392nam a2200133Ia 4500
008 231221s9999 xx 000 0 und d
020 _a978-0-387-76872-4
041 _aEnglish
100 _aBen Goertzel, Matthew Iklé, Izabela Freire Goertzel, Ari Heljakka
245 0 _aProbabilistic Logic Networks
260 _c2009
_bSpringer US
_aNew York
650 _aComputer Science
942 _cEB
999 _c218287
_d218287